000 00470nam a2200217Ia 4500
001 110655
003 YMCAF
005 20230512162424.0
008 100717s2003 ||||||||||||||||| ||und|d
024 _a110655
035 _aWB1642
040 _aYMCAF
_beng
_cIN-KoLT
041 _aeng
082 _a005.276
_bMIT
100 _aMitchell, Will David
245 0 _aDe Bugging Java
250 _aCHAPTER-2
260 _bTMH
_c2003
300 _a461
942 _2ddc
_cBK
999 _c11940
_d11940